A doll's jouse (Record no. 3008)

MARC details
000 -LEADER
fixed length control field 02139cam a2200265u 4500
001 - CONTROL NUMBER
control field 3008
003 - CONTROL NUMBER IDENTIFIER
control field FISKH
005 - DATE AND TIME OF LATEST TRANSACTION
control field 20240130142434.0
008 - FIXED-LENGTH DATA ELEMENTS--GENERAL INFORMATION
fixed length control field 821124s1965 mdu 000 0 eng
010 ## - LIBRARY OF CONGRESS CONTROL NUMBER
LC control number 65003834
040 ## - CATALOGING SOURCE
Original cataloging agency DLC
Transcribing agency CarP
Modifying agency DLC
Language of cataloging eng
050 00 - LIBRARY OF CONGRESS CALL NUMBER
Classification number PT8854
Item number .W32 1965
082 ## - DEWEY DECIMAL CLASSIFICATION NUMBER
Classification number 839.8226
100 1# - MAIN ENTRY--PERSONAL NAME
Personal name Ibsen, Henrik,
Dates associated with a name 1828-1906.
245 14 - TITLE STATEMENT
Title A doll's jouse
Remainder of title and other plays
Statement of responsibility, etc. Henrik Ibsen
250 ## - EDITION STATEMENT
Edition statement This translation 1987
260 ## - PUBLICATION, DISTRIBUTION, ETC.
Place of publication, distribution, etc. Baltimore,
Name of publisher, distributor, etc. Penguin Books
Date of publication, distribution, etc. 1965
300 ## - PHYSICAL DESCRIPTION
Extent 335 pages
Dimensions 19 cm
520 ## - SUMMARY, ETC.
Summary, etc. (From Wikipedia) <br/><br/>A Doll's House (Danish and Bokmål: Et dukkehjem; also translated as A Doll House) is a three-act play written by Norwegian playwright Henrik Ibsen. It premiered at the Royal Theatre in Copenhagen, Denmark, on 21 December 1879, having been published earlier that month.[1] The play is set in a Norwegian town circa 1879.<br/><br/>The play concerns the fate of a married woman, who at the time in Norway lacked reasonable opportunities for self-fulfillment in a male-dominated world. Despite the fact that Ibsen denied it was his intent to write a feminist play, it was a great sensation at the time,[2] and caused a "storm of outraged controversy" that went beyond the theatre to the world of newspapers and society.[3]<br/><br/>In 2006, the centennial of Ibsen's death, A Doll's House held the distinction of being the world's most performed play that year.[4] UNESCO has inscribed Ibsen's autographed manuscripts of A Doll's House on the Memory of the World Register in 2001, in recognition of their historical value.[5]<br/><br/>The title of the play is most commonly translated as A Doll's House, though some scholars use A Doll House. John Simon says that A Doll's House is "the British term for what [Americans] call a 'dollhouse'".[6] Egil Törnqvist says of the alternative title: "Rather than being superior to the traditional rendering, it simply sounds more idiomatic to Americans."[7]
700 1# - ADDED ENTRY--PERSONAL NAME
Personal name Watts, Peter,
Dates associated with a name 1900-1972,
Relator term translator
740 0# - ADDED ENTRY--UNCONTROLLED RELATED/ANALYTICAL TITLE
Uncontrolled related/analytical title Doll's house.
740 0# - ADDED ENTRY--UNCONTROLLED RELATED/ANALYTICAL TITLE
Uncontrolled related/analytical title Lady from the sea.
906 ## - LOCAL DATA ELEMENT F, LDF (RLIN)
a 0
b cbc
c premunv
d u
e ncip
f 19
g y-gencatlg
942 ## - ADDED ENTRY ELEMENTS (KOHA)
Source of classification or shelving scheme Dewey Decimal Classification
Koha item type Books
Suppress in OPAC No
Holdings
Withdrawn status Lost status Source of classification or shelving scheme Damaged status Not for loan Collection Home library Current library Shelving location Date acquired Total Checkouts Full call number Barcode Date last seen Price effective from Koha item type
    Dewey Decimal Classification     Fiction Footprints International School Library Network Toul Kork Campus Footprints International School Library Network Toul Kork Campus   01/30/2024   IBS 839.8226 PT8861.A31 2024-0061 01/30/2024 01/30/2024 Books